| 000 | 02146nam0a2200457 4500 | ||
|---|---|---|---|
| 001 | RU\NLR\bibl\1744775 | ||
| 005 | 20260405232342.0 | ||
| 010 |
_a978-5-904043-42-1 _9300 |
||
| 021 |
_aRU _b2011-9100 _9645 |
||
| 035 | _a(nilc)LIBNET\0000120517 | ||
| 035 | _a(NLR Aleph) 001735676 | ||
| 090 |
_a1427460 _c1427460 |
||
| 100 | _a20110413d2010 |||y0rusy50 ca | ||
| 101 | 0 |
_arus _aeng |
|
| 102 | _aRU | ||
| 105 | _aa ||||||||| | ||
| 200 | 1 |
_aКази _dKazy _eк истории и генеалогии рода _e[род потомственных русских дворян] _fС.А. Сапожников _zeng |
|
| 210 |
_aМосква _cСтарая Басманная _d2010 |
||
| 215 |
_a214, [1] с., [16] л. ил., цв. ил., портр. _d21 |
||
| 225 | 1 |
_aРоссия забытая и неизвестная _iБелое движение _hт.17 |
|
| 300 | _aНа обороте тит. л.: К 250-летию начала служения рода Кази Российскому государству | ||
| 300 | _aАвт. также на англ. яз.: S. A. Sapozhnikov | ||
| 300 | _aТекст на рус. и англ. яз. | ||
| 320 | _aБиблиогр. в тексте и в подстроч. примеч. | ||
| 320 | _aИмен. алф. указ.: с. 197-208 | ||
| 320 | _aТопоним. указ.: с. 209-211 | ||
| 602 |
_aКази (род) _92629311 _3RU\NLR\auth\661565871 |
||
| 686 |
_a63.214(2)-2 _vLBC/RL _2rubbk |
||
| 686 | _aТ214(2)0-21 | ||
| 700 | 1 |
_4070 _8rus _7ca _aСапожников _bС. А. _f1938- _gСергей Алексеевич _3RU\NLR\AUTH\77106158 _989083 |
|
| 722 |
_8rus _aКази (род) _7ca _3RU\NLR\AUTH\77106167 _989092 |
||
| 790 | 1 |
_4070 _8rus _7ba _aSapožnikov _bS. A. _f1938- _gSergej Alekseevič _3RU\NLR\AUTH\77106159 _989084 |
|
| 801 | 0 |
_aRU _bЯрославская ОУНБ _c20110413 _grcr _2rusmarc |
|
| 801 | 1 |
_aRU _bЯрославская ОУНБ _c20110413 _grcr _2rusmarc |
|
| 801 | 2 |
_aRU _bNLR _c20110219 _grcr |
|
| 830 | _aАвт. по кн. | ||
| 942 | _cBOOK | ||
| 980 | _aNB | ||
| 980 | _aGENEAL02 | ||